000 00460nam a2200157Ia 4500
999 _c20584
_d20584
003 OSt
005 20200629152344.0
008 190216s9999||||xx |||||||||||||| ||und||
040 _coclc
082 _a954.83
_bACH/C
100 _aAchuthamenon, C
_93252
245 4 _aThe Cochin State Manual /
_cC Achuthamenon
260 _bGovernment Of Kerala,
_aTrivandrum:
_c1995.
300 _a537p
942 _cBK
_2ddc
_h954.83
_iACH/C
_k954.83
_mACH/C